Lanean...

Art and the Creative Unconscious

Xehetasun bibliografikoak
Egile nagusia: Neumann, Erich
Formatua: Printed Book
Argitaratua: Princeton; Princeton University Press; 1959
Gaiak:
LEADER 00499nam a22001457a 4500
020 |a 0-691-01773-5 
082 |a 700  |b NEU/A J9 
100 |a Neumann, Erich  |9 265034 
245 |a Art and the Creative Unconscious 
260 |a Princeton;  |b Princeton University Press;  |c 1959 
300 |a 232p. 
650 |a English;art  |9 318193 
942 |c BK 
999 |c 73218  |d 73218 
952 |0 0  |1 0  |4 0  |6 700_000000000000000_NEU_A_J9  |7 0  |8 Art  |9 86370  |a MAL  |b MAL  |d 2017-01-18  |e 35249  |l 0  |o 700 NEU/A J9  |p MAL035249  |r 2017-01-18  |t 1  |w 2017-01-18  |y BK